000 00790nam a2200217Ia 4500
003 OSt
005 20220923221619.0
006 a|||||r|||| 00| 0
007 ta
008 220922b |||||||| |||| 00| 0 hin d
024 _a198,627
037 _cTextual
040 _aARTS
_cARTS
_bhin
041 _2hin
_ahin
082 _aP152:7, J0
100 _aमिश्र, शुकदेवबिहारी; वाजपेयी, हरिकृष्ण
_9165487
245 0 _aहिन्दी की गद्ध शैली का विकास
246 _aHindī kī gaddha shailī kā vikāsa
942 _hP152:7, J0
_cTEXL
_2CC
999 _c350436
_d350436